000 00569nam a2200157Ia 4500
003 IQ-KOUCL
041 _aArabic
082 _a346,16 cut-689 ن
100 _a20260118u\\\\\\\\\\\y0engy0103\\\\ba
100 _aد.اسماعيل نعمة
245 0 _aالتكامل الاجرائي في دعاوى جرائم الفساد دراسة مقارنة في ضوء التشريع العراقي والاتفاقيات الدولية
250 _aط1
260 _bالمركز الاكاديمي للنشر
_aالاسكندرية
_c2022
300 _a312
942 _cBk
999 _c187491
_d187491